| 000 | 00827nam a2200253 i 4500 | ||
|---|---|---|---|
| 001 | bg | ||
| 100 | 1 | _aMcNAB, Chris | |
| 245 | 1 | 0 |
_aSztuka przetrwania na morzu z US Navy Seals / _cChris Mc Nab ; wstęp przygot. przez Johna T. Carneya ; przeł. Józef Kozłowski. |
| 260 |
_aWarszawa : _b"Bellona", _c2002. |
||
| 300 |
_a95 s. : _bil. ; _c24 cm. |
||
| 490 | 1 |
_aBiblioteka Żołnierza Polskiego. Szkoła Przetrwania ; _v4 |
|
| 504 | _aBibliogr. | ||
| 650 | 9 |
_aMarynarka wojenna _xszkolenie _zStany Zjednoczone |
|
| 650 | 9 | _aSztuka przetrwania | |
| 655 | _aPoradniki | ||
| 830 | 0 |
_aBiblioteka Żołnierza Polskiego. _pSzkoła Przetrwania |
|
| 020 | _a8311095728 | ||
| 040 | _cBPK | ||
| 041 | 1 |
_apol _heng |
|
| 080 | _a359:614.8 | ||
| 920 | _a83-11-09572-8 | ||
| 942 | _cKS | ||
| 008 | s pl f |000 0 pol | ||
| 999 |
_c42534 _d42534 |
||
| 856 |
_uhttp://koha.tu.koszalin.pl/cgi-bin/koha/opac-detail.pl?biblionumber=42534 _yKatalog online BPK |
||